| 000 | 00987cam a22002054a 4500 | ||
|---|---|---|---|
| 005 | 20250605164017.0 | ||
| 008 | 250528s ||||||||||||||||||||||||d | ||
| 035 | _a16182 | ||
| 020 | _a582322367 | ||
| 040 |
_aGR-AtMCL _bgre _dGR-AtMCL _eAACR2 |
||
| 245 | 1 | _aA Shorter Intermediate Mechanics / SI Edition | |
| 260 |
_bLongman, _c1971 |
||
| 300 | _a728 | ||
| 520 | _aDynamics of a Particle - Speed and Velocity, Acceleration, Force and Momentum and Laws of Motion, Work and Power and Energy, Impulsive Forces and Impact of Elastic Bodies, Projectiles, Motion in a Circle, Simple Harmonic Motion, Dynamics of a Rigid Body, Statics of a Particle, Statics of a Rigid Body - Parallel Forces - Moments - Couples, Forces in a Plane acting on a Rigid Body, Graphical Constructions, Friction, Machines, Centre of Gravity, Vectors, Elementary Statistics, Answers to Examples. | ||
| 700 | 1 |
_aHumphrey D _92240 |
|
| 700 | 1 |
_aTopping J _92241 |
|
| 942 | _cBK | ||
| 999 |
_c1716 _d1716 |
||